000 00486nam a2200181Ia 4500
001 24983
005 20260414151119.0
008 260414t2013||||xx |||||||||||||| ||spa||
041 _aESP
082 _a346.077
_bN59
100 _aNinamancco Córdova, Fort
_eAUT
245 0 _aEmbargo inscrito y tercería de propiedad :
_bsu oponibilidad en la jurisprudencia
260 _c2013
300 _a207 páginas :
_c24 cm.
650 _aDER
654 _aCDE
942 _cLIB
_dJUS
_fJUS
_2ddc
_n
999 _c24983
_d24983